000 00246nam a2200097Ia 4500
005 20251222114341.0
008 251222s1900||||xx |||||||||||||| ||spa||
082 _aDVD0070/R84B/2003
245 0 _aBrubaker: One man against a cruel system.:
942 _cDVD
999 _c858
_d858